000 00458cam a22001814a 4500
005 20250605164244.0
008 250528s ||||||||||||||||||||||||d
035 _a21440
040 _aGR-AtMCL
_bgre
_dGR-AtMCL
_eAACR2
245 1 _aΓΡΗΓΟΡΟ ΞΕΚΙΝΗΜΑ ΣΤΟ COREL DRAW 2
250 _a1
260 _bΜ. Γκιούρδας,
_c1991
300 _a139
700 1 _aGilbert Len
_97478
942 _cBK
999 _c6502
_d6502